000 00402nam a2200145Ia 4500
008 220214s9999 xx 000 0 und d
022 _a0378-2409
245 0 _aJOURNAL OF ROOT CROPS
260 _bIndian Society for Root Crops, Trivandrum
_aIndia
310 _aHY
500 _aEnding Volume & Year: 14, 1988
500 _aMissing Volume: 5
500 _aStarting Volume & Year: 1, 1975
942 _cBJ
999 _c7905
_d7905